[Event "92nd ARG-ch Final 2017"]
[Site "Buenos Aires"]
[Date "2017.10.17"]
[Round "6"]
[White "Flores, Diego"]
[Black "Pierrot, Facundo"]
[Result "1/2-1/2"]
[WhiteElo "2574"]
[BlackElo "2405"]
[Annotator "TA"]
[PlyCount "111"]
[EventDate "2017.10.12"]
[EventType "tourn"]
[EventCountry "ARG"]
[SourceTitle "playchess.com"]
[Source "ChessBase"]
[SourceQuality "1"]

{[%evp 14,111,5,10,10,16,57,38,52,16,33,0,0,-31,114,102,107,108,110,118,142,142,127,95,92,95,86,69,74,81,74,81,62,64,102,100,100,70,175,32,227,0,0,0,12,0,0,0,0,0,0,0,0,0,0,0,0,0,0,0,0,0,0,0,0,0,0,0,0,0,12,12,12,12,12,12,12,12,12,12,12,12,12,12,12,12,12,12,12,0,12,0,12,12,12,12,12,12,12,0]} 1. c4 c5 2. Nf3 Nc6 3. Nc3 e5 4. a3 {[%cal Ba2a3,Ba3b4,Bb4b5,Bb5b6][%mdl 32]} Nf6 5. g3 d5 6. cxd5 Nxd5 7. Bg2 Nc7 8. b4 cxb4 {A34: Symmetrical English: 2 Nc3, lines with ...d5} (8... f6 9. Rb1 cxb4 10. axb4 a6 11. O-O Be7 12. b5 axb5 13. Nxb5 Nxb5 14. Rxb5 O-O 15. d3 Ra5 16. Qb3+ Kh8 {1-0 (29) Meier,G (2641)-Timofeev,A (2677) Havana 2009}) 9. axb4 Bd6 10. b5 Nd4 {White is slightly better.} 11. Nxd4 exd4 {[#]} 12. Ne4 (12. b6 $1 $14 {[%mdl 512]} dxc3 (12... axb6 13. Rxa8) 13. Qa4+ Qd7 14. bxc7) 12... Be7 $1 $15 13. b6 $1 {[%cal Rb6c7]} Na6 (13... Nb5 $15 {stays ahead.}) 14. Qa4+ $16 Qd7 $146 ({Predecessor:} 14... Kf8 15. Ba3 Qxb6 16. O-O Bxa3 17. Qxa3+ {1-0 (47) Kostenko,P (2494)-Utnasunov,A (2293) St Petersburg 2001}) 15. Qxd7+ Bxd7 16. bxa7 Nb4 {[#] Hoping for ...Nc2+.} 17. O-O f5 18. Nd6+ Bxd6 19. Bxb7 Ke7 20. Bxa8 Rxa8 21. Ba3 {Strongly threatening Bxb4.} Nc6 22. Bxd6+ Kxd6 23. Rfc1 Be6 24. e3 Bd5 25. Ra4 g5 (25... d3 $14) 26. f4 (26. exd4 $18 Be4 27. Rc3) 26... g4 $2 (26... dxe3 $1 $14 27. dxe3 gxf4) 27. Kf2 $2 (27. exd4 $18 {Black must now prevent Ra6.} Be4 28. Kf2) 27... d3 $1 $11 {The position is equal.} 28. Ra6 Be4 29. Rc3 Kc7 30. Raa3 Kb6 31. Rab3+ Kc7 32. Ra3 Kb6 33. Rcb3+ Kc7 34. Rc3 Kb6 35. Rcb3+ Kc7 36. Rb5 (36. Ke1 {is interesting.} Rxa7 37. Kd1 Rxa3 38. Rxa3 Nd8 39. Ra6) 36... Rxa7 37. Rxa7+ Nxa7 38. Re5 Kd7 39. Ra5 Nc8 40. Ra6 Nd6 41. Ra7+ Ke6 42. Rxh7 Bf3 43. Ra7 Ne4+ 44. Ke1 Be2 45. Ra6+ Ke7 46. Ra5 Kf6 47. Rd5 Ke6 48. Rd4 (48. Re5+ {keeps more tension.} Kf6 49. Rb5 Ke6 50. Rb6+ Nd6 51. Ra6) 48... Kf6 49. Rd8 Kf7 50. Ra8 (50. Rc8 {is more complex.} Ke6 51. Rb8 Kf6 52. Rb6+ Kg7 53. Rb5) 50... Kf6 51. Ra6+ Kf7 52. Ra5 Kf6 53. Rb5 Ke6 54. Rb6+ Kf7 55. Rb7+ Kf6 56. Rb6+ {Precision: White = 57%, Black = 62%.} 1/2-1/2

[Event "92nd ARG-ch Final 2017"]
[Site "Buenos Aires"]
[Date "2017.10.17"]
[Round "6"]
[White "Pichot, Alan"]
[Black "Mareco, Sandro"]
[Result "1/2-1/2"]
[WhiteElo "2571"]
[BlackElo "2644"]
[Annotator "TA"]
[PlyCount "79"]
[EventDate "2017.10.12"]
[EventType "tourn"]
[EventCountry "ARG"]
[SourceTitle "playchess.com"]
[Source "ChessBase"]
[SourceQuality "1"]

{[%evp 13,79,14,12,-6,0,0,0,0,0,0,7,2,27,27,51,0,29,-34,-34,-43,-34,-103,-105,-217,-230,-420,-409,-398,-384,-389,-336,-342,-326,-271,-32,-33,0,0,0,0,0,-22,-9,-6,-12,-191,-223,-224,-131,-245,-224,-234,0,-264,0,-238,-174,-231,0,0,0,0,0,0,0,0,0,0]} 1. e4 c5 2. Nf3 g6 3. c3 d5 4. e5 (4. exd5 Qxd5 5. d4 Bg7 6. Be2 Nf6 7. c4 Qd8 8. d5 b5 9. O-O O-O 10. a3 bxc4 11. Bxc4 Nbd7 12. Nc3 Nb6 13. Qb3 Nxc4 14. Qxc4 Qb6 15. Re1 Ba6 16. Qh4 Rfe8 17. Ne5 Bb7 {0-1 (32) Bologan,V (2640)-Morozevich,A (2683) Sochi 2016}) 4... Bg4 5. d4 cxd4 6. cxd4 {B27: Sicilian: 2 Nf3, unusual Black 2nd moves} Nc6 7. Bb5 Rc8 {LiveBook: 3 Games} 8. Nc3 Nh6 9. h3 Bxf3 $1 10. Qxf3 Nf5 11. Qd3 $146 ({Predecessor:} 11. Be3 e6 12. O-O Be7 13. g4 Nxe3 14. fxe3 {0-1 (57) Morais,V (1992)-Guerreiro,N (2132) Sintra 2013}) 11... e6 12. g4 Nfe7 13. Bg5 Bg7 14. Bf6 (14. O-O-O $14) 14... Kf8 15. a3 (15. Bxc6 $11 Rxc6 16. Qf3) 15... Na5 $15 {[%cal Bc6a5,Ba5c4,Bc4a3][%mdl 32]} 16. b4 Nc4 17. Bh4 (17. Bxc4 $15 Rxc4 18. Qf3) 17... h5 $17 18. Qf3 {[#]} (18. Bxc4 $17 {is a better defense.} Rxc4 19. gxh5) 18... Qb6 $1 $19 {[%cal Rb6d4]} 19. Rd1 $2 (19. Qd3) 19... Nxa3 20. Bd7 Rc7 21. Na4 Qxb4+ 22. Kf1 hxg4 (22... Rxd7 $2 23. Nc5 $17) 23. hxg4 g5 $2 ({Black should play} 23... Rxd7 $19 24. Nc5 Ke8 25. Nxd7 Kxd7) 24. Nc5 $15 Rxc5 ({Don't play} 24... gxh4 $6 25. Nxe6+ Kg8 26. Ng5 $16) 25. Bxe6 $1 {[%csl Ge6][%cal Rf3f7]} Qb5+ 26. Kg2 {[%csl Ge6][%cal Rf3f7]} Qe8 27. Bxg5 Rxh1 28. Rxh1 Rc6 $1 {[%cal Rc6e6]} 29. Bxd5 $2 (29. Bxf7 $1 $11 {and White stays safe.} Qxf7 30. Qxa3) 29... Nxd5 $19 30. Qxd5 Rg6 ({Black should try} 30... Qc8 $19 31. Kg3 Nc4) 31. Bc1 {[#]} (31. f4 $17) 31... Nb5 $1 ({Not} 31... Rxg4+ 32. Kf3 $16) 32. f3 Qc6 33. Qd8+ Qe8 34. Qd5 Kg8 35. Be3 (35. Bd2 $142) 35... Qc6 $2 (35... Rc6 $19 {Hoping for ...Rc2+.} 36. Qe4 Nc3 37. Qh7+ Kf8) 36. Qd8+ $11 {The position is equal.} Bf8 37. Qh4 {[%csl Gh1][%cal Rh4h8]} Bg7 $1 {And now ...Qd7 would win.} 38. Qd8+ $1 Bf8 {...Rxg4+ is the strong threat.} 39. Qh4 {[%csl Gh1][%cal Rh4h8]} Bg7 $1 {Strongly threatening ...Qd7.} 40. Qd8+ $1 {Precision: White = 36%, Black = 48%.} 1/2-1/2

[Event "92nd ARG-ch Final 2017"]
[Site "Buenos Aires"]
[Date "2017.10.17"]
[Round "6"]
[White "Krysa, Leandro"]
[Black "Cuberli, Emiliano"]
[Result "1-0"]
[WhiteElo "2545"]
[BlackElo "2248"]
[Annotator "TA"]
[PlyCount "39"]
[EventDate "2017.10.12"]
[EventType "tourn"]
[EventCountry "ARG"]
[SourceTitle "playchess.com"]
[Source "ChessBase"]
[SourceQuality "1"]

{[%evp 12,39,23,15,20,15,27,46,49,47,68,61,148,141,208,200,199,168,225,222,284,278,362,264,274,258,294,273,360,343]} 1. d4 Nf6 2. c4 e6 3. Nc3 Bb4 4. Qc2 d5 5. cxd5 exd5 6. Bg5 {[%cal Bc1g5,Bg5h4,Bh4g3][%mdl 32]} h6 7. Bh4 g5 {E35: Nimzo-Indian: Classical: 4...d5 5 cxd5 exd5} (7... c5 8. dxc5 O-O 9. e3 Be6 10. Nf3 Nbd7 11. a3 Bxc3+ 12. Qxc3 g5 13. Bg3 Ne4 14. Qc2 Ndxc5 15. Nd4 Rc8 {1-0 (41) Kasparov,G (2812)-Le,Q (2739) Saint Louis 2017}) 8. Bg3 c5 9. dxc5 O-O {White is slightly better.} 10. e3 Ne4 11. Bd3 Re8 $146 ({Black should play} 11... Bxc3+ $14 12. bxc3 Na6) ({Predecessor:} 11... Bf5 12. Bxb8 Rxb8 13. Nge2 Rc8 14. O-O Bxc5 15. Rad1 Qa5 16. Nxd5 Bd6 17. Nec3 Nxc3 18. Nxc3 {½-½ (60) Khusnutdinov,R (2503)-Vaseptsov,M (2209) Satka 2012}) 12. Nge2 $16 Nxc3 (12... Nc6 $16 {was necessary.}) 13. bxc3 $18 ({Don't do} 13. Nxc3 $6 Bxc3+ 14. Qxc3 (14. bxc3 Nd7 $16) 14... d4) 13... Bxc5 14. h4 {hxg5 is the strong threat.} g4 (14... Qf6 $142 15. Rd1 Be6 16. hxg5 hxg5) 15. O-O Nc6 16. Rad1 Be6 17. Nf4 Bf8 18. Nxe6 fxe6 19. Qe2 ({Don't play} 19. Bh7+ $6 Kh8 $18) 19... h5 20. Bg6 $1 {[%csl LRe8,LRh5] Precision: White = 91%, Black = 20%.} 1-0

[Event "92nd ARG-ch Final 2017"]
[Site "Buenos Aires"]
[Date "2017.10.17"]
[Round "6"]
[White "Real De Azua, Ernesto"]
[Black "Villanueva, Mario"]
[Result "1/2-1/2"]
[WhiteElo "2484"]
[BlackElo "2451"]
[Annotator "TA"]
[PlyCount "40"]
[EventDate "2017.10.12"]
[EventType "tourn"]
[EventCountry "ARG"]
[SourceTitle "playchess.com"]
[Source "ChessBase"]
[SourceQuality "1"]

{[%evp 14,40,20,20,20,16,20,20,20,28,20,20,18,19,25,35,28,20,18,24,18,19,20,17,31,0,0,0,0]} 1. d4 d5 2. c4 e6 3. Nf3 Nf6 4. g3 dxc4 5. Bg2 Bd7 6. Ne5 Bc6 7. Nxc6 Nxc6 8. O-O Qd7 {E04: Open Catalan: 5 Nf3} 9. e3 Rd8 10. Qe2 e5 11. Qxc4 exd4 12. Qb5 Rb8 13. Rd1 {[#]} Bd6 $146 ({Predecessor:} 13... a6 14. Qf1 Bd6 15. exd4 O-O 16. Bh3 {½-½ (76) Tomashevsky,E (2722)-Bu,X (2698) Novi Sad 2016}) 14. exd4 O-O 15. Nc3 a6 16. Qa4 h6 17. d5 Ne5 18. Qxd7 Nexd7 19. Ne4 Nxe4 20. Bxe4 Rfe8 {Precision: White = 84%, Black = 80%.} 1/2-1/2

[Event "92nd ARG-ch Final 2017"]
[Site "Buenos Aires"]
[Date "2017.10.17"]
[Round "6"]
[White "Sosa, Tomas"]
[Black "Perez Ponsa, Federico"]
[Result "1/2-1/2"]
[WhiteElo "2466"]
[BlackElo "2594"]
[Annotator "TA"]
[PlyCount "84"]
[EventDate "2017.10.12"]
[EventType "tourn"]
[EventCountry "ARG"]
[SourceTitle "playchess.com"]
[Source "ChessBase"]
[SourceQuality "1"]

{[%evp 20,84,-12,-12,-5,-31,-10,-13,-2,-35,-13,-51,-63,-56,-39,-37,-50,-67,-56,-61,-58,-61,-58,-69,-69,-67,-54,-44,-50,-55,-51,-46,-46,-55,-47,-47,-47,-47,-42,-45,-16,-26,0,-20,-12,-12,24,16,19,0,0,0,0,0,0,0,0,0,0,0,0,0,0,0,15,15,15]} 1. e4 c5 2. Nf3 d6 3. Bb5+ Nd7 4. d4 cxd4 5. Qxd4 a6 6. Bxd7+ Bxd7 7. c4 {B51: Sicilian: Moscow Variation (3 Bb5+) without 3...Bd7} (7. Nc3 e5 8. Qd3 h6 9. Nd2 Be6 10. Nc4 Rc8 11. Ne3 Nf6 12. O-O Be7 13. Rd1 O-O 14. Bd2 Rc5 15. a4 Qc8 {½-½ (31) Anand,V (2783)-Kasparov,G (2812) Saint Louis 2017}) 7... Nf6 8. Nc3 g6 9. O-O Bg7 10. Qd3 O-O 11. Bg5 {LiveBook: 4 Games} b5 12. cxb5 axb5 13. a3 h6 $146 ({Predecessor:} 13... Rb8 14. Rfd1 Be6 15. Nd5 Nxd5 16. exd5 {0-1 (44) Bagheri,M (2248)-Darini,P (2479) Urmia 2015}) 14. Be3 Qb8 15. Bd4 e5 16. Be3 Bc6 17. Nd2 Rd8 18. Nd5 Nxd5 19. exd5 Bd7 20. Qb3 f5 {[#] Threatens to win with ...f4.} 21. f3 Rc8 22. Rac1 Kh7 23. Rxc8 Qxc8 24. Qb4 Bf8 25. Nb1 Ra4 26. Rc1 {[#]} Qxc1+ $1 {[%mdl 512]} 27. Bxc1 Rxb4 28. axb4 $15 {[%mdl 4096] Endgame KBB-KBN} Be7 29. Be3 Bd8 30. Nc3 g5 31. g4 Kg6 32. Kf2 e4 33. gxf5+ Kxf5 {The position is equal.} 34. Nxe4 Ke5 35. Nc3 h5 36. Kg2 g4 37. fxg4 hxg4 38. Kg3 Be7 39. Kf2 Kf5 40. Ke2 Bf6 41. Bf2 Bxc3 42. bxc3 Ke4 {Precision: White = 79%, Black = 67%.} 1/2-1/2

[Event "92nd ARG-ch Final 2017"]
[Site "Buenos Aires"]
[Date "2017.10.17"]
[Round "6"]
[White "Slipak, Sergio"]
[Black "Acosta, Pablo Ismael"]
[Result "1-0"]
[WhiteElo "2437"]
[BlackElo "2409"]
[Annotator "TA"]
[PlyCount "93"]
[EventDate "2017.10.12"]
[EventType "tourn"]
[EventCountry "ARG"]
[SourceTitle "playchess.com"]
[Source "ChessBase"]
[SourceQuality "1"]

{[%evp 12,93,24,21,38,27,23,26,37,0,0,0,0,0,2,8,20,14,20,0,22,0,1,0,0,0,86,43,77,43,44,34,212,211,195,63,34,41,85,74,51,51,145,143,135,135,164,70,114,97,97,24,82,86,85,98,71,0,9,10,24,33,55,19,333,308,289,277,283,279,291,290,281,164,555,553,749,734,1401,1276,1225,1152,881,397]} 1. d4 d5 2. c4 e6 3. Nc3 Nf6 4. cxd5 exd5 5. Bg5 c6 6. e3 Be7 7. Qc2 a5 {D36: Queen's Gambit Declined: Exchange Variation: Main line (5 Bg5 c6 6 Qc2)} (7... Nbd7 8. Nf3 Nh5 9. h4 h6 10. Bxe7 Qxe7 11. O-O-O Ndf6 12. Ne5 Ng4 13. Nxg4 Bxg4 14. Re1 O-O-O 15. Bd3 Kb8 16. Kb1 Bc8 {1-0 (51) Volkov,S (2638)-Yilmaz,M (2633) Beirut 2017}) 8. Bd3 Na6 9. a3 Nc7 {White has an edge.} 10. Nge2 Ne6 11. Bh4 g6 12. O-O O-O 13. Rad1 $146 ({Predecessor:} 13. f3 b6 {0-1 (47) Santos,M (2346)-De Toledo,J (2376) Sao Paulo 2006}) 13... b6 14. f3 Bb7 15. Kh1 Rc8 16. Qb1 Nh5 17. Bf2 f5 18. e4 f4 (18... fxe4 $11 19. fxe4 Bg5) 19. Rd2 Kh8 20. Qe1 Bg5 21. Ng1 c5 $2 (21... Qd7 $14) 22. dxc5 $18 d4 23. Nd5 (23. Bc4 $18 Nhg7 24. Bxe6 Nxe6 25. cxb6) 23... bxc5 $14 24. Bc4 Qd6 25. Nh3 Bd8 26. Qd1 Bc6 {[#]} (26... Nhg7 $14) 27. b4 $1 $16 axb4 28. axb4 cxb4 29. Qb3 (29. Rxd4 $18 {Black must now prevent Nb6!} Bb7 30. Bb3) 29... Rb8 30. Rfd1 Nhg7 31. g3 (31. Bxd4 $16 Nxd4 32. Rxd4) 31... Nc5 (31... Bxd5 $11 {remains equal.} 32. Bxd5 Bb6) 32. Qb2 Bxd5 33. Bxd4 (33. Bxd5 $6 Na4 $11) (33. exd5 Bf6 $17) 33... Bf6 34. e5 ({Reject} 34. Bxd5 $6 Bxd4 35. Qxd4 fxg3 $11) ({White should try} 34. Bxf6 $16 Qxf6 35. Qxf6 Rxf6 36. Rxd5) 34... Bxf3+ 35. Kg1 Bxe5 36. Bxe5 {[%csl Gb2][%cal Re5g7]} Qe7 37. Rf1 {[#]} (37. Re1 $5 {[%cal Rh3g5]} fxg3 38. hxg3 $11) 37... Ba8 $2 {[%mdl 8192]} (37... fxg3 $1 $11 {and Black has nothing to worry.} 38. Ng5 (38. Bxg3 Ne4) 38... gxh2+ 39. Kxh2 Ne4 40. Bxg7+ Qxg7 41. Qxg7+ Kxg7 42. Rd7+ Kh6 43. Nxf3 Ng5) 38. Nxf4 $18 Rbe8 {next ...g5 is good for Black.} 39. Re2 Qb7 40. Bd5 Qd7 41. Bxa8 ({Don't take} 41. Qxb4 $6 Bxd5 42. Qxc5 Bf7 $16) 41... Rxa8 42. Qxb4 $40 {[%mdl 128] White goes for the king.} (42. Bd4 $142) 42... Rac8 $2 (42... g5 43. Qxc5 gxf4) 43. Bd4 {White is clearly winning.} Rf5 44. Rfe1 {aiming for Re7.} Rxf4 45. Bxg7+ Kg8 46. Qxf4 {White wants to mate with Re7.} Nd3 47. Qd4 {Precision: White = 43%, Black = 39%.} (47. Rd2 $142) 1-0

[Event "92nd ARG-ch Final 2017"]
[Site "Buenos Aires"]
[Date "2017.10.17"]
[Round "6"]
[White "Dolezal, Cristian"]
[Black "Valerga, Diego"]
[Result "1/2-1/2"]
[WhiteElo "2426"]
[BlackElo "2452"]
[Annotator "TA"]
[PlyCount "100"]
[EventDate "2017.10.12"]
[EventType "tourn"]
[EventCountry "ARG"]
[SourceTitle "playchess.com"]
[Source "ChessBase"]
[SourceQuality "1"]

{[%evp 11,100,0,33,13,20,16,45,37,45,52,52,18,38,12,30,31,50,31,28,0,23,-4,0,-27,-26,-52,-30,-40,-6,-35,-35,-35,-37,-39,-39,-37,-39,-39,-39,-38,-33,-43,-40,-44,-56,-48,-21,-22,-14,-16,-14,-14,-14,-14,-14,-15,-15,-74,-68,-127,-38,-35,0,0,0,0,0,0,0,0,0,0,0,-57,-40,-18,0,0,0,0,0,0,0,0,0,0,0,0,0,0,0]} 1. d4 d5 2. Nf3 c6 3. c3 Bf5 4. Bf4 e6 5. Qb3 Qb6 6. Nbd2 {D02: 1 d4 d5 2 Nf3 sidelines, including 2...Nf6 3 g3 and 2...Nf6 3 Bf4} Nd7 {LiveBook: 3 Games} (6... Nf6 7. e3 h6 8. Be2 Nbd7 9. c4 Qxb3 10. axb3 g5 11. Bc7 Rc8 12. Bg3 {0-1 (31) Lamprecht,F (2393)-Hochgraefe,M (2358) Germany 2015}) 7. Nh4 Be4 $146 ({Predecessor:} 7... Bg4 8. h3 Bh5 9. g4 Bg6 10. Bg2 Be7 11. Nxg6 hxg6 12. e4 Ngf6 {½-½ (37) Karthik,V (2284)-Mitrabha,G (2286) Kolkata 2016}) 8. f3 Bg6 9. e4 Be7 10. Nxg6 hxg6 11. Bd3 Ngf6 12. O-O-O Qxb3 13. axb3 a5 14. h3 Nh5 15. Bh2 g5 $1 16. exd5 exd5 17. Rde1 {[#] Threatens to win with Bd6.} Kd8 18. Bc7+ Kxc7 19. Rxe7 Rhf8 20. g4 Nf4 21. Bf5 Rad8 22. h4 gxh4 23. Rxh4 Kd6 24. Rxd7+ $1 Rxd7 25. Bxd7 Kxd7 $15 {[%mdl 4096] Endgame KRN-KRN} 26. Rh7 g6 27. Nf1 Ne6 28. Rh2 Ke7 29. Ng3 Kf6 30. Kd2 Re8 31. Ne2 Kg5 32. Rh7 Re7 33. Rh8 Nf4 34. Ng1 (34. Nc1 $1 $11) 34... f6 35. Kd1 {[#]} (35. Rh2 $15) 35... f5 ({Better is} 35... b6 $1 $17) 36. gxf5 gxf5 37. Kd2 Re6 38. Rh7 b6 39. Rh8 Rh6 40. Rg8+ Rg6 41. Rh8 c5 42. Ke3 (42. dxc5 $11 bxc5 43. Ne2) 42... Re6+ 43. Kd2 cxd4 {The position is equal.} 44. cxd4 Rh6 45. Rg8+ $1 Rg6 46. Rh8 Rh6 47. Rg8+ $1 Ng6 48. Ne2 Rh2 49. Ke3 {Nf4 is the strong threat.} Rh7 50. Kd3 Rh2 {Precision: White = 57%, Black = 52%.} 1/2-1/2

[Event "92nd ARG-ch Final 2017"]
[Site "Buenos Aires"]
[Date "2017.10.18"]
[Round "7"]
[White "Mareco, Sandro"]
[Black "Flores, Diego"]
[Result "0-1"]
[WhiteElo "2644"]
[BlackElo "2574"]
[Annotator "TA"]
[PlyCount "80"]
[EventDate "2017.10.12"]
[EventType "tourn"]
[EventCountry "ARG"]

{[%evp 17,80,22,16,-45,-19,-53,-43,-76,-79,-91,-78,-89,-29,-32,-39,-58,-16,-115,-105,-112,-105,-132,-75,-125,-103,-104,-101,-142,-141,-132,-123,-171,0,0,0,-191,-41,-175,-149,-144,-142,-133,-131,-149,0,-140,0,-128,-43,-138,-79,-162,-93,-73,-32,-180,-189,-407,-407,-388,-395,-469,-465,-468,-458]} 1. Nf3 d5 2. g3 Nf6 3. Bg2 Bg4 4. c4 c6 5. Ne5 Be6 6. cxd5 Bxd5 7. Nf3 e5 {A11: English Opening: 1...c6} 8. Nc3 e4 9. Nh4 Qd7 {LiveBook: 4 Games. Hoping for ...g5.The position is equal.} 10. f4 $146 ({Better is} 10. d3 $11) ({Predecessor:} 10. f3 exf3 11. Nxf3 Bc5 12. e3 O-O 13. O-O Re8 14. b3 Ne4 15. Nxe4 Bxe4 {1-0 (33) Wen,Y (2601)-Gevorgyan,D (2382) St Petersburg 2014}) 10... Be7 11. O-O O-O $1 12. b3 Na6 13. Bb2 Rad8 14. d3 {[%cal Rd3e4]} Rfe8 ({Black should try} 14... Qg4 $17) 15. dxe4 $11 Nxe4 16. Nxd5 Qxd5 17. e3 (17. Qxd5 $11 Rxd5 18. Rfd1) 17... Qe6 $1 $17 18. Qh5 Nf6 (18... Bc5 {with more complications.} 19. Nf5 g6 20. Nh6+ Kf8 21. Qh4 Qe7) 19. Qf3 Rd3 (19... Nb4 $142 20. f5 Qd5) 20. Rae1 {[%cal Ba1e1,Be1e2,Be2c2][%mdl 32]} Bb4 21. Re2 Bc3 ({Don't play} 21... Rxe3 $6 22. Qxe3 Qxe3+ 23. Rxe3 $11) 22. Bc1 Nc5 23. Rc2 Nd5 {[%cal Rd5e3]} 24. Qh5 Ne4 $2 (24... Nxe3 $19 25. Re2 Nd7) 25. Qe2 $1 $11 {[%cal Re2d3]} Nc5 {aiming for ...Nb4.} 26. e4 $2 (26. Qh5 $1 $11 {and White is okay.}) 26... Nb4 (26... Bd4+ $19 27. Kh1 Nc3) 27. Ba3 (27. Rxc3 $1 $15 Rxc3 28. Qd2 Nxe4 29. Bxe4 Rxc1 30. Bxh7+ $1 {[%mdl 512]} Kxh7 31. Rxc1) 27... Nxc2 28. Qxc2 Bd4+ 29. Kh1 Rc3 30. Qd2 Rd3 31. Qc2 Rc3 32. Qd2 $1 {[%cal Rd2d4]} Nd3 ({Black should play} 32... Rd8 $1 $17 33. e5 Rd3) 33. Nf3 (33. Nf5 $15 c5 34. Bxc5 Rxc5 35. Qxd3) 33... c5 (33... Qxe4 $142 {Strongly threatening ...Qe3.} 34. Nxd4 Qxd4) 34. e5 {[#]} (34. Bxc5 $17 {is the only way for White.} Bxc5 35. Qxc3 Nf2+ 36. Rxf2 Bxf2 37. e5) 34... Qd7 (34... Qa6 $1 $19 {[%cal Ra6a3]} 35. Bxc5 Nxc5 36. Nxd4 Rd3) 35. Ng5 $17 {[#]} b5 $1 {[%cal Bb7b5,Bb5b4][%mdl 32]} 36. Ne4 (36. Rf3 $1 $15 c4 37. bxc4 bxc4 38. Bb2) 36... b4 $19 37. Nxc3 $2 (37. Bc1 {keeps fighting.}) 37... Bxc3 38. Qc2 Ne1 39. Rxe1 Bxe1 40. Bc1 Rd8 {Precision: White = 26%, Black = 43%.} 0-1

[Event "92nd ARG-ch Final 2017"]
[Site "Buenos Aires"]
[Date "2017.10.18"]
[Round "7"]
[White "Perez Ponsa, Federico"]
[Black "Krysa, Leandro"]
[Result "1/2-1/2"]
[WhiteElo "2594"]
[BlackElo "2545"]
[Annotator "TA"]
[PlyCount "47"]
[EventDate "2017.10.12"]
[EventType "tourn"]
[EventCountry "ARG"]
[SourceTitle "playchess.com"]
[Source "ChessBase"]
[SourceQuality "1"]

{[%evp 9,47,25,49,-28,-20,-25,16,16,0,10,14,24,46,36,44,31,33,35,42,34,37,0,9,-14,0,0,0,0,0,0,0,0,0,0,0,0,0,-44,0,2]} 1. Nf3 Nf6 2. c4 g6 3. Nc3 d5 4. cxd5 Nxd5 5. h4 Nc6 {LiveBook: 12 Games} 6. d3 $146 {A16: English Opening: 1...Nf6 with ...d5} (6. e4 $14 Nb6 7. d4) ({Predecessor:} 6. d4 Bf5 7. Qb3 Nxc3 8. bxc3 Na5 9. Qa4+ c6 10. c4 Bg7 11. Bd2 b6 12. Bxa5 bxa5 13. Qxc6+ {½-½ (23) Potkin,V (2594)-Li,C (2720) Fufeng 2017}) 6... Bg7 $11 7. Bd2 h5 8. g3 O-O 9. Bg2 Bg4 10. O-O Nb6 11. Rc1 Rb8 12. b3 e5 13. Bg5 f6 14. Be3 Nd4 15. Nh2 Be6 {[%cal Bg4e6,Be6d5,Bd5c6][%mdl 32]} 16. Ne4 Re8 17. Bd2 Bd5 18. Re1 Qe7 19. e3 Ne6 20. Nf3 Rbd8 21. Qc2 Bc6 22. d4 f5 23. Neg5 {[#] And now e4 would win.} e4 (23... Bxf3 $5 24. Nxf3 (24. Bxf3 Nxg5 25. hxg5 e4 $15) 24... e4 $15) 24. Nxe6 {Precision: White = 63%, Black = 67%.} 1/2-1/2

[Event "92nd ARG-ch Final 2017"]
[Site "Buenos Aires"]
[Date "2017.10.18"]
[Round "7"]
[White "Valerga, Diego"]
[Black "Real De Azua, Ernesto"]
[Result "1/2-1/2"]
[WhiteElo "2452"]
[BlackElo "2484"]
[Annotator "TA"]
[PlyCount "60"]
[EventDate "2017.10.12"]
[EventType "tourn"]
[EventCountry "ARG"]
[SourceTitle "playchess.com"]
[Source "ChessBase"]
[SourceQuality "1"]

{[%evp 22,60,0,-25,-27,-45,-26,-39,-39,-42,-28,-41,0,0,8,-38,-13,-34,0,-49,-39,-50,-56,-58,-46,-81,-78,-99,-90,-97,-79,-82,-22,-29,-25,-60,-19,-19,-22,-18,-14]} 1. g3 d5 2. Bg2 Nf6 3. d3 c5 4. Nf3 Nc6 5. O-O e6 6. Nbd2 Be7 7. e4 O-O 8. Re1 b5 9. a4 b4 10. exd5 {C00: French: Unusual White 2nd moves} Nxd5 11. Nc4 Bb7 12. Be3 {LiveBook: 3 Games} (12. h4 h6 13. Bd2 Qc7 14. a5 Rad8 15. c3 Bf6 16. Qc2 Ba6 {½-½ (26) Malakhov,V (2694)-Matlakov,M (2689) Berlin 2015}) 12... Nxe3 $146 ({Predecessor:} 12... Qc7 13. Nfd2 Rad8 14. Qg4 Nxe3 15. fxe3 f5 16. Qe2 Ba6 17. Rad1 {0-1 (40) Apryshko,G (2285)-Bukavshin,I (2539) St Petersburg 2013}) 13. fxe3 Qc7 14. Qe2 Rad8 15. Nfd2 f5 16. Rad1 e5 17. Rf1 g6 18. c3 bxc3 19. bxc3 Kg7 20. e4 f4 21. gxf4 exf4 22. e5 Ba6 23. e6 Rf5 24. Qe4 Ne5 25. Nxe5 Qxe5 26. c4 Bc8 (26... Qc7 $17) 27. Bh3 $1 $11 {[%cal Rh3f5]} Rg5+ 28. Kh1 Qxe4+ (28... Qb2 $5 {[%cal Rc8b7]} 29. Qxf4 (29. Rxf4 $2 Bb7 $19) 29... Rf8 $11) 29. Nxe4 Re5 30. Rxf4 {[#] Rf7+ is the strong threat.} Bxe6 {Precision: White = 50%, Black = 47%.} 1/2-1/2

[Event "92nd ARG-ch Final 2017"]
[Site "Buenos Aires"]
[Date "2017.10.18"]
[Round "7"]
[White "Villanueva, Mario"]
[Black "Pichot, Alan"]
[Result "1/2-1/2"]
[WhiteElo "2451"]
[BlackElo "2571"]
[Annotator "TA"]
[PlyCount "67"]
[EventDate "2017.10.12"]
[EventType "tourn"]
[EventCountry "ARG"]
[SourceTitle "playchess.com"]
[Source "ChessBase"]
[SourceQuality "1"]

{[%evp 23,67,9,15,6,10,0,7,0,0,0,0,-1,0,0,-4,0,0,0,0,0,0,0,0,0,34,25,53,53,53,53,54,26,41,61,42,43,49,21,38,31,33,0,0,0,0,0]} 1. e4 c5 2. Nf3 Nc6 3. d4 cxd4 4. Nxd4 Nf6 5. Nc3 e5 6. Ndb5 {[%cal Bd4b5,Bb5a3,Ba3c2][%mdl 32]} d6 7. Bg5 a6 8. Na3 b5 9. Nd5 Be7 10. Bxf6 Bxf6 11. c4 b4 12. Nc2 a5 13. g3 {B33: Sicilian: Pelikan and Sveshnikov Variations} O-O (13... Bg5 14. h4 Bh6 15. Bh3 Bb7 16. Qh5 Ne7 17. Nf6+ Kf8 18. Rd1 Ng6 19. Nd5 Ne7 20. Nf6 Ng6 {½-½ (49) Saric,I (2662)-Ivanchuk,V (2727) Mali Losinj 2017}) 14. h4 Be6 15. Bg2 g6 16. Nxf6+ Qxf6 17. b3 a4 18. O-O Qd8 19. Qd2 Qb6 $146 20. h5 Ra7 21. hxg6 hxg6 22. Qh6 axb3 23. axb3 Rxa1 24. Rxa1 Rb8 25. Bf3 Qd8 26. Kg2 $1 Qf6 27. Be2 (27. Ra6 {with more complications.} Rc8 28. Be2 Qe7 29. Ra1 Qf6 30. Rh1) 27... Qh8 28. Qxh8+ Kxh8 29. Ra6 Bd7 30. Kf3 Kg7 31. Ke3 Kf8 32. Bg4 Ke7 33. Bxd7 Kxd7 34. Ra4 {Precision: White = 49%, Black = 80%.} 1/2-1/2